| 000 | 00375nam a2200145Ia 4500 | ||
|---|---|---|---|
| 008 | 240624s9999 xx 000 0 und d | ||
| 041 | _aeng | ||
| 082 | _a658.4012 BAR | ||
| 100 | _aBARNEY JAY B | ||
| 245 | _aGAINING AND SUSTAINING COMPETITIVE ADVAN | ||
| 250 | _a(2nd ed.) | ||
| 260 |
_c2002 _aNew Delhi _bPrentice-Hall |
||
| 300 | _axxii, : 600 : p. : cm. ; 24 | ||
| 365 | _cRS | ||
| 999 |
_c425 _d425 |
||